000 00503pam a2200205 a 4500
001 2422492
005 20180104074934.0
008 870819s1988 maua 001 0 eng
010 _a 87022721
020 _a0534871674
040 _aDLC
_cDLC
_dDLC
041 _aeng
080 _a651.74 WEL
082 0 0 _a651.74 WEL
_219
100 1 _a59
101 _aBUS
245 1 0 _aCommunications in business /
_cWalter Wells.
906 _a7
_bcbc
_corignew
_d1
_eocip
_f19
_gy-gencatlg
942 _2ddc
_cBK
999 _c39734
_d39734